Russell Westbrook Quiz - Statistics

General Stats
  • This quiz has been taken 23,195 times
    10,314 since last reset
  • The average score is 9 of 13
Answer Stats
Question Answer % Correct
What team did he play for before that? Oklahoma City Thunder
99%
What NBA team did he join in 2019? Houston Rockets
97%
What other two MVPs have played with Westbrook? Kevin Durant
89%
What is his jersey number? 0
87%
What other two MVPs have played with Westbrook? James Harden
87%
Tricky question : which team drafted him? Seattle SuperSonics
83%
Who is the only other NBA player to average a riple-double for an entire season? Oscar Robertson
74%
What college did play for? UCLA
71%
What is his nickname? The {Brodie}
54%
On April 2, 2019 Westbrook had a game with 20 points, 20 rebounds, and 20 assists. Who is the only other NBA player to do that? Wilt Chamberlain
52%
Name one of the three players chosen above Westbrook in the 2008 draft. Derrick Rose / Michael Beasley / O. J. Mayo
49%
What is the name of Westbrook's shoe model? {Why} {Not}?
33%
Who did Westbrook say was his best friend on the court? (Hint: It's a brand name) Spalding
15%
No matching quizzes found
Score Distribution
Percent of People with Each Score
Percentile by Number Answered
Your Score History
You have not taken this quiz since the last reset